00679nam a2200193 4500001000700000003000900007005001700016007000300033008004100036100003000077245007700107250001500184260005000199300003300249700003100282852003200313999001900345952012100364148375ES-MaACL20230906202605.0t|070214s1956 sp r ||||1| spa d1 aStrandberg, Olle.910836810aAfrica inquieta / cO. Strandberg ; [traducción de Juan G. de Luaces]. a[1ª ed.]. aBarcelona : bJuventud, c[1956] (fR. Plana) a208 p., 16 lám. ; c22 cm.1 aLuaces, Juan G. de.974483 aES-MaACLjC-10261 bR.38636 c148375d148375 00104070aATENEOMbATENEOMcSPALd2008-01-17eSCl0oC-10261p1154845r2023-02-23 00:00:00w2023-02-23yMONOGRAFIA